00516nam a22001457a 4500003000500000082000800005100003400013245011800047264002900165300004000194500001400234650003000248700003500278856005700313NUST a621 aMunawar, Hafiz Muhammad Usman aModeling and Simulation of a Magnetic Levitation System using PID Control TechniquecHafiz Muhammad Usman Munawar aIslamabad:b SMME- NUST. axv. 67p.;b Soft Copy,c30cm.e2017 aHardcover aMS Mechanical Engineering aSupervisor : Dr. Mohsin Jamil uhttp://10.250.8.41:8080/xmlui/handle/123456789/42114